00752nam a2200181Ia 450000500170000000800410001702000180005808200210007610000580009724500630015525000120021826000350023030000120026550000270027794200070030499900190031195202400033020250318140928.0231217s9999 xx 000 0 und d a9788131720479 a001.6424 HOP;84 aHopcroft, John E. Motwani, Rajeev. Ullman, Jeffrey D. 0aIntroduction to automata theory, languages and computation a3rd ed. c2008bPearson EducationaDelhi axvi+487 aContent page available cAA c183361d183361 r2024-01-26 00:00:00l0o001.6424 HOP;84p54682W20udigital/contents/50582.pdfv319.20w2024-01-26yAAzRepl/01UF11114/ 7/12/221040708CL00K12L26/01/2013aMLbMLcCLd2009-07-07eSapna Book Houseg399.00ECSGRSF1V79.8URupees